Flags I Drew from Memory - A - Statistics

General Stats
  • This quiz has been taken 19 times
  • The average score is 11 of 15
Answer Stats
Picture Answer % Correct
Albania
100%
Australia
100%
Andorra
94%
Argentina
94%
Algeria
88%
Angola
88%
Antigua and Barbuda
88%
Armenia
88%
Austria
88%
Afghanistan
69%
Abkhazia
44%
Åland
44%
Anguilla
44%
Aruba
44%
American Samoa
38%
No matching quizzes found
Score Distribution
Percent of People with Each Score
Percentile by Number Answered
Your Score History
You have not taken this quiz